Consumer behavior : (Record no. 8852)

MARC details
000 -LEADER
fixed length control field 00850nac a22002291u 4500
010 ## - LIBRARY OF CONGRESS CONTROL NUMBER
LC control number 2005056382
020 ## - INTERNATIONAL STANDARD BOOK NUMBER
International Standard Book Number 0132186942
035 ## - SYSTEM CONTROL NUMBER
System control number (OCoLC)ocm62282609
082 00 - DEWEY DECIMAL CLASSIFICATION NUMBER
Classification number 658.8342
Item number SOL
090 ## - LOCALLY ASSIGNED LC-TYPE CALL NUMBER (OCLC); LOCAL CALL NUMBER (OCLC)
-- 8852
-- 8852
100 ## - MAIN ENTRY--PERSONAL NAME
Personal name Solomon, Michael R.
245 10 - TITLE STATEMENT
Title Consumer behavior :
Remainder of title buying, having, and being /
Statement of responsibility, etc Michael R. Solomon.
250 ## - EDITION STATEMENT
Edition statement 7th ed.
260 ## - PUBLICATION, DISTRIBUTION, ETC. (IMPRINT)
Place of publication, distribution, etc Upper Saddle River, N.J. :
Name of publisher, distributor, etc Pearson Prentice Hall,2007
Date of publication, distribution, etc c2007.
300 ## - PHYSICAL DESCRIPTION
Extent xviii, 654 p. :
Other physical details ill. (chiefly col.) ;
Dimensions 29 cm.
500 ## - GENERAL NOTE
General note Distributer: Baccah
504 ## - BIBLIOGRAPHY, ETC. NOTE
Bibliography, etc Includes bibliographical references and indexes.
511 ## - PARTICIPANT OR PERFORMER NOTE
Participant or performer note Catalogued By: Mahitab.
650 #0 - SUBJECT ADDED ENTRY--TOPICAL TERM
Topical term or geographic name as entry element Consumer behavior.
942 ## - ADDED ENTRY ELEMENTS (KOHA)
Item type
Call number prefix 658.8342SOL
Holdings
Withdrawn status Item status Source of classification or shelving scheme Damaged status Not for loan Vendor Home library Current library Shelving location Date acquired Source of acquisition Total Checkouts Full call number Barcode Date last seen Date last borrowed Koha item type Total Renewals Materials specified (bound volume or other part)
    Dewey Decimal Classification       Central Library Central Library First floor 09/05/2006   2 658.8342 SOL 000009261 15/07/2025 06/06/2009 NB - Book (Non borrowing)    
            Central Library Central Library First floor 26/03/2008 Purchase 9 658.8342 SOL 000009272 15/07/2025 02/03/2011 Book - Borrowing 15  
            Central Library Central Library First floor 26/03/2008 Purchase 9 658.8342 SOL 000009289 15/07/2025 09/03/2011 Book - Borrowing 36  
            Central Library Central Library First floor 26/03/2008 Purchase 10 658.8342 SOL 000009271 15/07/2025 02/01/2011 Book - Borrowing 10  
            Central Library Central Library First floor 26/03/2008 Purchase 10 658.8342 SOL 000009270 15/07/2025 26/07/2011 Book - Borrowing 6  
            Central Library Central Library First floor 26/03/2008 Purchase 7 658.8342 SOL 000009269 15/07/2025 04/04/2016 Book - Borrowing 14  
            Central Library Central Library First floor 26/03/2008 Purchase 4 658.8342 SOL 000009268 15/07/2025 06/04/2016 Book - Borrowing    
            Central Library Central Library First floor 26/03/2008 Purchase 6 658.8342 SOL 000009258 15/07/2025 08/10/2016 Book - Borrowing 28  
            Central Library Central Library First floor 26/03/2008 Purchase 8 658.8342 SOL 000009259 15/07/2025 04/04/2016 Book - Borrowing 25  
  Lost         Central Library Central Library First floor 26/03/2008 Purchase 9 658.8342 SOL 000009260 08/06/2009 06/05/2009 Book - Borrowing 7 Lost In Inventory_2015-8-23
            Central Library Central Library First floor 26/03/2008 Purchase 8 658.8342 SOL 000010828 15/07/2025 24/10/2018 Book - Borrowing 10